000 00831nam a2200253 4500
001 27750
003 BD-RjUL
005 20211209051210.0
008 140327s1967 enkb b 000 0 eng
035 _a(BD-RjUL)27829
040 _aDLC
_cDLC
_dDLC
_dBD-RjUL
_beng
041 _aeng
082 0 0 _a959.7
_bBUV V-1 1967
100 1 _aButtinger, Joseph.
_985183
245 1 0 _aVietnam :
_ba dragon embattled /
_cby Joseph Buttinger.
_nVolume I :
_pFrom Colonialism to the Vietminh
260 _aLondon :
_bPall Mall,
_cc1967.
300 _a2 v. (x, 1346 p.) :
_bmaps (on lining papers) ;
_c25 cm.
504 _aBibliography: v. 2, p. 1258-1282.
505 0 _av. 1. From colonialism to the Vietminh.--v. 2. Vietnam at war.
651 0 _aVietnam
_xHistory.
_985184
942 _2ddc
_cBK
999 _c27750
_d27750